Visión de Anáhuac, 1519
Guardat en:
| Autor principal: | |
|---|---|
| Format: | Llibre |
| Idioma: | espanyol |
| Publicat: |
Ciudad de México
El Colegio de México
1953
|
| Edició: | 4a. ed |
| Matèries: | |
| Etiquetes: |
Afegir etiqueta
Sense etiquetes, Sigues el primer a etiquetar aquest registre!
|
MARC
| LEADER | 00000cam a2200000 a 4500 | ||
|---|---|---|---|
| 001 | UCE2873 | ||
| 003 | CL-VaPUC | ||
| 008 | 140731e19530000mx |||||||||||||||||spa|d | ||
| 082 | 0 | 4 | |a Me864 |b REY |2 21 |
| 100 | 0 | |a Reyes, Alfonso |e author |9 357008 | |
| 245 | 1 | 0 | |a Visión de Anáhuac, 1519 |
| 250 | |a 4a. ed | ||
| 300 | |a 62 p | ||
| 942 | |c BK | ||
| 945 | |d 20140731 15:45:00 |a dcastane | ||
| 260 | |a Ciudad de México |b El Colegio de México |c 1953 | ||
| 650 | 7 | |a ENSAYOS MEXICANOS |2 CL-VaPUC |9 315571 | |
| 650 | 0 | |a Literatura mexicana |9 313097 | |
| 583 | |a last modification |c 20140731 15:45:00 |k Rodrigo Vera | ||
| 999 | |c 356413 |d 356411 | ||
| 952 | |0 0 |1 0 |3 erd |4 0 |6 ME_864_000000000000000_REY_1953 |7 0 |8 A |9 463754 |a BIBART |b BIBART |i 5048990 |o Me864 REY 1953 |p 5048990 |r 2025-03-13 |w 2019-11-23 |y BK |z Catalogado en:20140731 |k ART | ||